Obras (Record no. 178875)

MARC details
000 -LEADER
campo de control de longitud fija 01152nam a2200301 4500
001 - NÚMERO DE CONTROL
campo de control 178875
003 - IDENTIFICADOR DE NÚMERO DE CONTROL
campo de control ES-MaACL
005 - FECHA Y HORA DE LA ÚLTIMA TRANSACCIÓN
campo de control 20250318063119.0
008 - DATOS DE LONGITUD FIJA--INFORMACIÓN GENERAL
campo de control de longitud fija 110722s2010 sp |||| |dspa d
020 ## - NÚMERO INTERNACIONAL ESTÁNDAR DEL LIBRO
Número Internacional Estándar del Libro 978-84-672-3703-0
020 ## - NÚMERO INTERNACIONAL ESTÁNDAR DEL LIBRO
Número Internacional Estándar del Libro 978-84-8109-832-7
080 ## - NÚMERO DE LA CLASIFICACIÓN DECIMAL UNIVERSAL
Número de la Clasificación Decimal Universal 821.134.2-82"19"
100 0# - ENTRADA PRINCIPAL--NOMBRE DE PERSONA
Nombre de persona Gil de Biedma, Jaime,
Fechas asociadas al nombre 1929-1990
9 (RLIN) 56787
245 10 - MENCIÓN DEL TÍTULO
Título Obras
Resto del título : poesía y prosa /
Mención de responsabilidad, etc. Jaime Gil de Biedma ; edición de Nicanor Vélez ; introducción de James Valender.
246 30 - FORMA VARIANTE DEL TITULO
Título propio/Titulo breve Poesía y prosa
260 ## - PUBLICACIÓN, DISTRIBUCIÓN, ETC.
Lugar de publicación, distribución, etc. Barcelona :
Nombre del editor, distribuidor, etc. Galaxia Gutenberg :
-- Círculo de Lectores,
Fecha de publicación, distribución, etc. [2010]
300 ## - DESCRIPCIÓN FÍSICA
Extensión 1374 p. ;
Dimensiones 21 cm.
500 ## - NOTA GENERAL
Nota general Índice.
505 8# - NOTA DE CONTENIDO CON FORMATO
Nota de contenido con formato Contiene: Poesía ;
Título Las personas del verbo - Diario ;
-- Retrato del artista en 1956 - Ensayos ;
-- El pie de la letra (1955-1979) - Apéndice
700 1# - ENTRADA AGREGADA--NOMBRE PERSONAL
Nombre de persona Vélez, Nicanor.
9 (RLIN) 137472
700 1# - ENTRADA AGREGADA--NOMBRE PERSONAL
Nombre de persona Valender, James.
9 (RLIN) 112583
740 4# - ENTRADA AGREGADA--TÍTULO RELACIONADO/ANALÍTICO NO CONTROLADO
Título relacionado o analítico no controlado Las personas del verbo.
740 0# - ENTRADA AGREGADA--TÍTULO RELACIONADO/ANALÍTICO NO CONTROLADO
Título relacionado o analítico no controlado Retrato del artista adolescente.
740 3# - ENTRADA AGREGADA--TÍTULO RELACIONADO/ANALÍTICO NO CONTROLADO
Título relacionado o analítico no controlado El pie de la letra (1955-1979)
852 ## - LOCALIZACIÓN
Ubicación ES-MaACL
itemnumber 185740
Número de control de estantería A-11407
Signatura antigua Olim: N-4411
Sublocalización o colección R.145873
Ubicación en estantería Depósito 1
942 ## - ELEMENTOS DE ENTRADA SECUNDARIOS (KOHA)
Fuente del sistema de clasificación o colocación Clasificación decimal universal
Holdings
Estatus retirado Estado de pérdida Fuente del sistema de clasificación o colocación Estado de daño No para préstamo Biblioteca de origen Biblioteca actual Ubicación en estantería Fecha de adquisición Fuente de adquisición Total de préstamos Signatura topográfica completa Código de barras Visto por última vez Precio de reemplazo Tipo de ítem Koha
    Clasificación decimal universal     Biblioteca del Ateneo de Madrid Biblioteca del Ateneo de Madrid Depósito 1 22/07/2011 Compra   A-11407 1187896 23/02/2023 23/02/2023 Libro impreso